Systems Programming (Record no. 1469)
[ view plain ]
| 000 -LEADER | |
|---|---|
| Fixed length control field | 00451nam a2200169 4500 |
| 003 - CONTROL NUMBER IDENTIFIER | |
| Control field | SEACOMEC |
| 005 - DATE AND TIME OF LATEST TRANSACTION | |
| Control field | 20240724112947.0 |
| 008 - FIXED-LENGTH DATA ELEMENTS--GENERAL INFORMATION | |
| Fixed length control field | 240724b |||||||| |||| 00| 0 eng d |
| 020 ## - INTERNATIONAL STANDARD BOOK NUMBER / ISBN | |
| International Standard Book Number | 0074604821. |
| Price | Rs.235.00 |
| 040 ## - CATALOGING SOURCE | |
| Original cataloging agency | SEACOMEC |
| 082 ## - DEWEY DECIMAL CLASSIFICATION NUMBER | |
| Classification number | 005.42 |
| Book Number | D687 |
| 100 ## - MAIN ENTRY--PERSONAL NAME | |
| Personal name | Donovan, John J. |
| 245 1# - TITLE STATEMENT | |
| Title | Systems Programming |
| Statement of responsibility | John J. Donovan |
| 260 ## - IMPRINT | |
| Place of publication | New Delhi |
| Name of publisher | Tata McGraw-Hill |
| Date of publication | 2007 |
| 650 ## - SUBJECT ADDED ENTRY--TOPICAL TERM | |
| Topical term | Programming Languages |
| 942 ## - ADDED ENTRY ELEMENTS (KOHA) | |
| Koha item type | Books |
| Withdrawn status | Lost status | Source of classification | Damaged status | Not for loan | Home library | Current library | Date acquired | Total Checkouts | Call number | Accession number | Date last seen | Price effective from | Koha item type | Copy number |
|---|---|---|---|---|---|---|---|---|---|---|---|---|---|---|
| Dewey Decimal Classification | SEACOM ENGINEERING COLLEGE | SEACOM ENGINEERING COLLEGE | 01/04/2008 | 005.42 D687 | 10504 | 24/07/2024 | 24/07/2024 | Books | ||||||
| Dewey Decimal Classification | SEACOM ENGINEERING COLLEGE | SEACOM ENGINEERING COLLEGE | 01/04/2008 | 005.42 D687 | 10505 | 24/07/2024 | 24/07/2024 | Books | 1 | |||||
| Dewey Decimal Classification | SEACOM ENGINEERING COLLEGE | SEACOM ENGINEERING COLLEGE | 01/04/2008 | 005.42 D687 | 10506 | 24/07/2024 | 24/07/2024 | Books | 2 | |||||
| Dewey Decimal Classification | SEACOM ENGINEERING COLLEGE | SEACOM ENGINEERING COLLEGE | 01/04/2008 | 005.42 D687 | 10507 | 24/07/2024 | 24/07/2024 | Books | 3 | |||||
| Dewey Decimal Classification | SEACOM ENGINEERING COLLEGE | SEACOM ENGINEERING COLLEGE | 11/11/2010 | 005.42 D687 | 17755 | 24/07/2024 | 24/07/2024 | Books | 4 | |||||
| Dewey Decimal Classification | SEACOM ENGINEERING COLLEGE | SEACOM ENGINEERING COLLEGE | 11/11/2010 | 005.42 D687 | 17756 | 24/07/2024 | 24/07/2024 | Books | 5 | |||||
| Dewey Decimal Classification | SEACOM ENGINEERING COLLEGE | SEACOM ENGINEERING COLLEGE | 11/11/2010 | 005.42 D687 | 17757 | 24/07/2024 | 24/07/2024 | Books | 6 | |||||
| Dewey Decimal Classification | SEACOM ENGINEERING COLLEGE | SEACOM ENGINEERING COLLEGE | 11/11/2010 | 005.42 D687 | 17758 | 24/07/2024 | 24/07/2024 | Books | 7 | |||||
| Dewey Decimal Classification | SEACOM ENGINEERING COLLEGE | SEACOM ENGINEERING COLLEGE | 11/11/2010 | 005.42 D687 | 17759 | 24/07/2024 | 24/07/2024 | Books | 8 |
